| 000 | 00347nam a2200133Ia 4500 | ||
|---|---|---|---|
| 008 | 220214s9999 xx 000 0 und d | ||
| 022 | _a0581-572x | ||
| 245 | 0 | _aSankhya | |
| 260 |
_bStatistical Publishing Society _aCalcutta |
||
| 310 | _aHY | ||
| 500 | _aEnding Volume & Year: 24, 1962 | ||
| 500 | _aStarting Volume & Year: 24, 1962 | ||
| 942 | _cBJ | ||
| 999 |
_c3221 _d3221 |
||